<?xml version="1.0" encoding="UTF-8"?>
<record
    xmlns:xsi="http://www.w3.org/2001/XMLSchema-instance"
    xsi:schemaLocation="http://www.loc.gov/MARC21/slim http://www.loc.gov/standards/marcxml/schema/MARC21slim.xsd"
    xmlns="http://www.loc.gov/MARC21/slim">

  <leader>01469nam a2200325 a 4500</leader>
  <controlfield tag="001">0000233</controlfield>
  <controlfield tag="003">DO-SdBNP</controlfield>
  <controlfield tag="005">20160413094018.0</controlfield>
  <controlfield tag="007">0000233</controlfield>
  <controlfield tag="008">150130s2013    dr ac         000 0 spa d</controlfield>
  <datafield tag="020" ind1=" " ind2=" ">
    <subfield code="a">9789945174816 </subfield>
  </datafield>
  <datafield tag="040" ind1=" " ind2=" ">
    <subfield code="a">BPMSU </subfield>
    <subfield code="b">spa</subfield>
    <subfield code="c">BPMSU</subfield>
  </datafield>
  <datafield tag="092" ind1=" " ind2=" ">
    <subfield code="a">373.7</subfield>
    <subfield code="b">M425a, 1ro.   2013</subfield>
  </datafield>
  <datafield tag="245" ind1="0" ind2="0">
    <subfield code="a">Matem&#xE1;tica 1 :</subfield>
    <subfield code="b">educaci&#xF3;n media /</subfield>
    <subfield code="c">gerencia editorial Anna Rogero Soler ; colaboraci&#xF3;n Kreemly P&#xE9;rez ; ilustraciones Joaqu&#xED;n Turina.</subfield>
  </datafield>
  <datafield tag="260" ind1=" " ind2=" ">
    <subfield code="a">Santo Domingo :</subfield>
    <subfield code="b">SM,</subfield>
    <subfield code="c">2013.</subfield>
  </datafield>
  <datafield tag="300" ind1=" " ind2=" ">
    <subfield code="a">311 p. </subfield>
    <subfield code="b">il., retrs, </subfield>
    <subfield code="c">29 cm. + </subfield>
    <subfield code="e">CD Room :</subfield>
  </datafield>
  <datafield tag="490" ind1="1" ind2=" ">
    <subfield code="a">Proyecto S&#xE9;</subfield>
  </datafield>
  <datafield tag="505" ind1="1" ind2=" ">
    <subfield code="t"> Unidad 1  --</subfield>
    <subfield code="t">Lenguaje matem&#xE1;tico  --</subfield>
    <subfield code="t">Unidad 2 --</subfield>
    <subfield code="t">N&#xFA;meros reales y n&#xFA;meros complejos  --</subfield>
    <subfield code="t">Unidad 3 --</subfield>
    <subfield code="t">Polinomios  --</subfield>
    <subfield code="t">Unidad 4 --</subfield>
    <subfield code="t">Factorizaci&#xF3;n y fracciones algebraicas --</subfield>
    <subfield code="t">Unidad 5 --</subfield>
    <subfield code="t">Ecuaciones e inecuaciones --</subfield>
    <subfield code="t">Unidad 6 --</subfield>
    <subfield code="t">Funciones lineales y cuadr&#xE1;ticas --</subfield>
    <subfield code="t">Unidad 7 --</subfield>
    <subfield code="t">Rectas, segmentos y &#xE1;ngulos  --</subfield>
    <subfield code="t">Unidad 8 --</subfield>
    <subfield code="t">Par&#xE1;metros estad&#xED;stico. Probabilidad --</subfield>
    <subfield code="t">Glosario --</subfield>
    <subfield code="t">Bibliograf&#xED;a. </subfield>
  </datafield>
  <datafield tag="650" ind1=" " ind2=" ">
    <subfield code="a">MATEM&#xC1;TICAS</subfield>
    <subfield code="x">ENSE&#xD1;ANZA SECUNDARIA</subfield>
  </datafield>
  <datafield tag="650" ind1=" " ind2=" ">
    <subfield code="a">ENSE&#xD1;ANZA SECUNDARIA</subfield>
    <subfield code="z">REP&#xDA;BLICA DOMINICANA</subfield>
  </datafield>
  <datafield tag="650" ind1=" " ind2=" ">
    <subfield code="a">MATEM&#xC1;TICAS</subfield>
    <subfield code="x">LIBROS DE TEXTOS</subfield>
  </datafield>
  <datafield tag="650" ind1=" " ind2=" ">
    <subfield code="a">MATEM&#xC1;TICAS</subfield>
    <subfield code="x">ESTUDIOS Y EJERCICIOS</subfield>
  </datafield>
  <datafield tag="700" ind1="1" ind2="2">
    <subfield code="a">Rogero Soler, Anna</subfield>
    <subfield code="e">ed.</subfield>
  </datafield>
  <datafield tag="700" ind1="1" ind2="2">
    <subfield code="a">P&#xE9;rez,  Kreemly</subfield>
  </datafield>
  <datafield tag="700" ind1="1" ind2="2">
    <subfield code="a">Turina, Joaquin</subfield>
    <subfield code="e">il.</subfield>
  </datafield>
  <datafield tag="830" ind1=" " ind2="0">
    <subfield code="a">Proyecto S&#xE9;</subfield>
  </datafield>
  <datafield tag="910" ind1=" " ind2=" ">
    <subfield code="a">Validado. Control de calidad MFF</subfield>
  </datafield>
  <datafield tag="942" ind1=" " ind2=" ">
    <subfield code="2">ddc</subfield>
    <subfield code="c">BK</subfield>
  </datafield>
  <datafield tag="952" ind1=" " ind2=" ">
    <subfield code="0">0</subfield>
    <subfield code="1">0</subfield>
    <subfield code="2">ddc</subfield>
    <subfield code="4">0</subfield>
    <subfield code="7">0</subfield>
    <subfield code="a">BPMET</subfield>
    <subfield code="b">BPMET</subfield>
    <subfield code="d">2016-04-13</subfield>
    <subfield code="l">0</subfield>
    <subfield code="o">373.7 M425a 1ro,2013</subfield>
    <subfield code="p">BPMSU16040383</subfield>
    <subfield code="r">2016-04-13</subfield>
    <subfield code="w">2016-04-13</subfield>
    <subfield code="y">BK</subfield>
  </datafield>
  <datafield tag="956" ind1=" " ind2=" ">
    <subfield code="a">YLOCKWARD</subfield>
    <subfield code="b">10</subfield>
  </datafield>
  <datafield tag="999" ind1=" " ind2=" ">
    <subfield code="c">7955</subfield>
    <subfield code="d">7955</subfield>
  </datafield>
</record>
